000 00713nam a22002057a 4500
999 _c9204
_d9204
003 AR-CdUCM
008 190327b ||||| |||| 00| 0 spa d
040 _aMUNICIPALIDAD PROVINCIAL DEL CUSCO
_cBIBLIOTECA MUNICIPAL DEL CUSCO
082 _a869.96 /
_bO73
100 _aOrta Ruiz, Jesús
_917676
245 _aEntre y perdone usted ... /
260 _aHabana :
_bUneac,
_c1973.
300 _a69 páginas ;
_c17 cm.
505 _aContenido : Esta es su casa -- Presentación de la familia -- Puertas y ventanas -- Inventario -- Por los alrededores -- En la madrugada ...
650 _aLiteratura
_983
650 _aCubana
_925269
650 _aLiteratura americana
_912159
942 _2ddc
_cLIBROS
945 _arah